Discovering Statistics Using R (Record no. 4589)
[ view plain ]
| 005 - DATE AND TIME OF LATEST TRANSACTION | |
|---|---|
| control field | 20250623073932.0 |
| 020 ## - INTERNATIONAL STANDARD BOOK NUMBER | |
| International Standard Book Number | 978-1-4462-0046-9 |
| 082 ## - DEWEY DECIMAL CLASSIFICATION NUMBER | |
| Classification number | 300.28 FIE |
| 100 ## - MAIN ENTRY--PERSONAL NAME | |
| Author name | FIELD, A |
| 245 ## - TITLE STATEMENT | |
| Title | Discovering Statistics Using R |
| 260 ## - PUBLICATION, DISTRIBUTION, ETC. | |
| Place of publication, distribution, etc. | London |
| Name of publisher, distributor, etc. | SAGE |
| Date of publication, distribution, etc. | 2012. |
| 300 ## - PHYSICAL DESCRIPTION | |
| Extent | xxxiv,957p.: figures, tables |
| Other physical details | Appendix, Index, References |
| Dimensions | 28cm |
| 700 ## - ADDED ENTRY--PERSONAL NAME | |
| Other authors/Editors | Jeremy Miles |
| 700 ## - ADDED ENTRY--PERSONAL NAME | |
| Other authors/Editors | Zoe Field |
| 942 ## - ADDED ENTRY ELEMENTS (KOHA) | |
| Source of classification or shelving scheme | Dewey Decimal Classification |
| Koha item type | Books |
| Date last seen | Total checkouts | Full call number | Barcode | Cost, replacement price | Price effective from | Koha item type | Lost status | Source of classification or shelving scheme | Damaged status | Not for loan | Withdrawn status | Home library | Current library | Shelving location | Date acquired | Source of acquisition | Cost, normal purchase price |
|---|---|---|---|---|---|---|---|---|---|---|---|---|---|---|---|---|---|
| 06/23/2025 | 300.28 FIE | MZA0001765 | 78000.00 | 06/23/2025 | Books | Dewey Decimal Classification | CBE Mwanza | CBE Mwanza | General Collection | 08/08/2018 | Library Budget | 26000.00 |
